La perte d'une colonie : (Record no. 33295)
[ view plain ]
| 000 -CABECERA | |
|---|---|
| campo de control de longitud fija | 00465nam a2200145 a 4500 |
| 001 - NÚMERO DE CONTROL | |
| campo de control | 000033804 |
| 005 - FECHA Y HORA DE LA ÚLTIMA TRANSACCIÓN | |
| campo de control | 20200930070530.0 |
| 008 - DATOS DE LONGITUD FIJA--INFORMACIÓN GENERAL | |
| campo de control de longitud fija | 110912s1893 es 000 0 spa d |
| 040 ## - FUENTE DE LA CATALOGACIÓN | |
| Centro catalogador/agencia de origen | DO-SdBNP |
| Lengua de catalogación | spa |
| Centro/agencia transcriptor | BNPHU |
| 049 ## - FONDOS LOCALES (OCLC) | |
| Fondos de biblioteca | BNPD |
| 100 1# - ENTRADA PRINCIPAL--NOMBRE DE PERSONA | |
| Nombre de persona | Castonnet des Fosses, H. |
| Fechas asociadas al nombre | 1846-1898. |
| Forma completa/desarrollada del nombre | (Henri) |
| 9 (RLIN) | 59226 |
| 245 13 - MENCIÓN DE TÍTULO | |
| Título | La perte d'une colonie : |
| Resto del título | la Révolucion de Saint-Domingue / |
| Mención de responsabilidad, etc. | H. Castonnet des Fosses. |
| 260 ## - PUBLICACIÓN, DISTRIBUCIÓN, ETC. | |
| Lugar de publicación, distribución, etc. | Paris : |
| Nombre del editor, distribuidor, etc. | A. Faivre, |
| Fecha de publicación, distribución, etc. | 1893. |
| 300 ## - DESCRIPCIÓN FÍSICA | |
| Extensión | 377 p. ; |
| Dimensiones | 19 cm. |
| Estado de retiro | Estado de pérdida | Restricciones de uso | No para préstamo | Código de colección | Localización permanente | Ubicación/localización actual | Ubicación en estantería | Fecha de adquisición | Número de inventario | Total de préstamos | Signatura topográfica completa | Código de barras | Fecha visto por última vez | Precio válido a partir de | Tipo de ítem Koha | Nota pública |
|---|---|---|---|---|---|---|---|---|---|---|---|---|---|---|---|---|
| Excluido de préstamo | Raros y valiosos | Patrimonio Dominicano | Patrimonio Dominicano | En catalogación | 12.09.2011 | LF1 | 33804-10 | 25.06.2020 | 25.06.2020 | No se presta | Perteneció a la biblioteca personal de Julio Ortega Frier |
